| 000 | 01309nam a22001817a 4500 | ||
|---|---|---|---|
| 999 |
_c2560 _d2560 |
||
| 050 |
_aHV41 _b.Sa3 |
||
| 100 | _aMarsha K Salus | ||
| 245 |
_aSupervising child protective services caseworkers / _cMarsha K Salus; National Center on Child Abuse and Neglect (U.S.) |
||
| 260 |
_a[Washington D.C.] : U.S. _bDept. of Health and Human Services, Administration for Children and Families, Administration on Children, Youth and Families, Children's Bureau, Office on Child Abuse and Neglect, _c 2004. |
||
| 300 |
_a103p. _b1 CD-ROM :color ; 4 3/4 in. _c28cm. |
||
| 440 | _aChild abuse and neglect user manual series. | ||
| 500 | _aTitle from title screen. Shipping list no.: 2005-0007-E. | ||
| 505 | _aPurpose and overview The nature of child protective services supervision Making the transition from caseworker to supervision Building the foundation for effective unit performance Building staff capacity and achieving quality performance supervisory feedback and performance recognition results- oriented management Clinical supervision Recruitment and retention Managing from the middle Taking care of oneself and the unit | ||
| 650 | _aSocial work administration -- United States | ||
| 650 | _aChild abuse -- United States. | ||
| 650 | _aChild welfare workers -- United States. | ||
| 942 | _cBK | ||